Kanadské smreky

Bibliographic Details
Main Author: Kapolka, Belo, 1935-1994 (Author)
Other Authors: Sulík, Ivan, 1943-2021 (Compiler), Jaňák, Ján (Illustrator)
Format: Book
Language:Slovak
PhysicalDescription:181 s. 19 cm
Published: Bratislava Smena 1985
Edition:1. vyd.
Series:Erb
Subjects:

MARC

LEADER 00000nam a2200000 a 4500
001 vtls001094982
003 SK-MaSNL
005 20260301153404.0
008 250313s1985 xo slo
015 |a SNBA1985/08 
020 |q (viaz.) 
035 |a SNK000037824 
035 |a urn:nbn:sk:snk-amydgx 
035 |a urn:nbn:sk:snk-am00cg1e 
035 |a 18E62945-3FFC-4103-BB90-72E8730E68CA 
040 |a SNK  |b slo  |c SNK  |e AACR2 
041 0 |a slo 
044 |a xo  |c SK 
072 7 |a 821.162.4-3  |x Slovenská próza  |2 konspekt 
080 |a 821.162.4-32  |2 2001 
100 1 |a Kapolka, Belo,  |d 1935-1994  |4 aut  |9 123292 
245 1 0 |a Kanadské smreky  |c Belo Kapolka 
250 |a 1. vyd. 
260 |a Bratislava  |b Smena  |c 1985  |e Bratislava  |f Pravda 
300 |a 181 s.  |c 19 cm 
366 |e 4000 výtl. 
490 1 |a Erb  |v 30 
655 7 |a slovenské poviedky  |2 SNKPH  |9 70226 
655 7 |a Slovak stories  |2 SNKPHeng  |9 277112 
700 1 |a Sulík, Ivan,  |d 1943-2021  |4 com  |9 223328 
700 1 |a Jaňák, Ján  |4 ill  |9 514916 
700 1 |a Blažo, Pavel,  |d 1943-  |4 bkd  |9 247297 
830 0 |a Erb  |9 276889 
852 |a Slovenská národná knižnica 
954 |a beletria pôvodná (slovenská)  |2 lita 
958 |a LX 
958 |a TL 
958 |a OND 
999 |c 792749  |d 794679 
952 |a SNK  |b SNK  |y PREZ  |7 0  |p 17A1186091  |o snkSD 56998  |i snkKSP 5695/85  |0 0  |1 0  |4 0  |d 1999-02-15  |f 1  |l 0  |r 2004-12-31 00:00:00  |w 2026-02-24